[Event "Belgrade olympia hopes"]
[Site "Belgrade"]
[Date "2002.06.29"]
[Round "4"]
[White "Damljanovic, Branko"]
[Black "Zivanic, Marko"]
[Result "1-0"]
[WhiteElo "2548"]
[BlackElo "2450"]
[Annotator "Stohl,I"]
[PlyCount "107"]
[EventDate "2002.06.26"]
[EventType "schev"]
[EventRounds "5"]
[EventCountry "YUG"]
[SourceTitle "CBM 091"]
[Source "ChessBase"]
[SourceDate "2002.11.12"]
[SourceVersion "1"]
[SourceVersionDate "2002.11.12"]
[SourceQuality "1"]

1. c4 c5 2. Nf3 Nf6 3. g3 b6 4. Bg2 Bb7 5. O-O e6 6. Nc3 Be7 7. Re1 a6 8. e4 d6
9. d4 cxd4 10. Nxd4 Qc7 11. Be3 Nbd7 12. Rc1 O-O 13. f4 h5 {This move has been
lately quite popular, as it makes it more difficult and committal for White to
start a >> pawn-storm, typiccal for this Hedgehog line. On the other hand it
weakens Black's >>.} (13... Rac8 14. f5 e5 15. Nb3 Qb8 16. Qe2 h6 17. a4 Rfe8 {
Cvek,R-Stocek,J/Prerov/2001/} 18. Nd2 $5 Bc6 19. b4 $14 {()}) ({However, by
far the most often played continuation is} 13... Rfe8 {only after} 14. f5 {
Black has to play the accurate} Bd8 $1 (14... Bf8 $143 $6 15. fxe6 fxe6 16. Bh3
Nc5 17. b4 $16) 15. g4 h6 16. fxe6 fxe6 17. g5 hxg5 18. Bxg5 Nf8 19. Kh1 Qf7
20. Rg1 Rc8 21. b3 Rc5 22. Be3 Rh5 23. Bf3 Rh4 24. Qf1 Rh7 25. Rg3 $13 {
1/2, Levin,F-Brustkern,J/Bundesliga2N 0001/2001/}) 14. h3 Rfe8 15. Bf2 {
White prefers a quiet approach.} (15. g4 hxg4 16. hxg4 Nc5 17. Bf2 d5 $1 {
gives Black a good position, White's K is vulnerable.} 18. e5 (18. exd5 Qxf4
19. Be3 {In the 13...Rfe8 14.g4 line White would have the move Bg3!} Qxg4 20.
b4 exd5 21. Nxd5 Qxd1 22. Rcxd1 Nce4 $5 $15) 18... Nfe4 $132) (15. f5 Bf8 {
Here White's Bg2 doesn't have the h3-square.} 16. fxe6 fxe6 17. Bf2 Ne5 18.
Nde2 Qf7 19. Rf1 Nxc4 20. b3 Ne5 21. Bxb6 Qg6 22. Bd4 Rac8 23. Kh2 Qh6 24. Bf2
$11 {1/2, Sambuev,B-Kalinin,A/Moscow/2001/}) (15. Nd5 $5 exd5 16. cxd5 Qb8 17.
Nc6 Bxc6 18. dxc6 Nc5 19. c7 Qxc7 20. e5 dxe5 21. Bxa8 Rxa8 22. b4 Rd8 (22...
exf4 23. Bxf4 Qb7 $11) 23. Qe2 e4 24. bxc5 Bxc5 25. Bxc5 bxc5 26. Red1 Rc8 27.
Qe3 c4 28. Rc2 Qc6 29. Kh2 Qe6 30. Qd4 Qc6 31. Rdc1 Qa4 $11 {Hoffmann,
M-Nisipeanu,L/Bad Wiessee op/1998/}) 15... Bf8 (15... Rac8 16. e5 $6 {Releases
the tension prematurely.} (16. b3 $142 $14) 16... dxe5 17. Bxb7 Qxb7 18. fxe5
Nh7 19. Qxh5 g6 20. Qe2 Ng5 21. Kh2 Rc5 22. Be3 Rxe5 23. Qg2 Qxg2+ $11 {
1/2, Contin,D-Bresciani,N/Bratto/2001/}) (15... g6 $5 16. Nf3 Bf8 17. b3 Rac8
18. Qd2 (18. Qe2 $142 Bg7 $132) 18... Qb8 19. Ng5 Ba8 20. Qe2 $13 {1/2, Agrest,
E-Nielsen,P/EU-ch Ohrid/2001/}) 16. Nf3 (16. b3 g6 17. Bf3 Rad8 $5 (17... Bg7
18. e5 (18. g4 hxg4 19. hxg4 g5 $5 20. fxg5 Nh7 $44) 18... Bxf3 19. Nxf3 $36 {
is similar to the game.}) 18. Qe2 e5 $132) 16... Rac8 (16... Rad8 $142 17. Qe2
g6 18. Ng5 (18. Nd2 {as in the game is not as good, because due to the
unprotected Nd2 the break e4-e5 requires further preparation.}) 18... Nh7 19.
Nxh7 Kxh7 20. g4 (20. Be3 Bg7 21. Red1 Rc8 22. Qd2 Bf8 23. b3 Red8 24. Qf2 Kg8
25. g4 hxg4 26. hxg4 Bg7 27. g5 Ba8 28. Ne2 Qb8 29. Bd4 e5 30. Bb2 Nc5 $132 {
Tadic,B-Perunovic,M/Leskovac/2002/}) 20... hxg4 21. hxg4 Bg7 22. Bf3 g5 $1 23.
e5 Bxf3 24. Qxf3 gxf4 25. exd6 Qxd6 26. Ne4 Qc7 27. Bh4 Ne5 28. Qh1 Kg8 29.
Nf6+ Kf8 30. Nh7+ $11 {Gurevich,M-Nisipeanu,L/Cap d'Agde/2000/}) 17. Nd2 $1
$146 (17. b3 Qb8 18. Qe2 Nc5 19. Ng5 (19. e5 $6 dxe5 20. fxe5 Nfe4 $36) 19...
g6 20. Rcd1 (20. e5 dxe5 21. fxe5 Bxg2 22. Kxg2 Bh6 $1 $36) 20... Bh6 21. Rf1
Ncd7 22. Qd2 Bf8 23. Rc1 Ba8 24. a4 Nc5 25. Rb1 Bh6 26. Qe2 Qc7 27. Bd4 Bg7 28.
Rfd1 Rcd8 29. e5 dxe5 30. Bxe5 Qa7 31. Bxa8 Qxa8 32. b4 Ncd7 $11 {Sarno,
S-Rotstein,A/Lido Estensi/2002/}) 17... g6 18. Qe2 $14 {[%cal Ye4e5] /\e5} Bg7
(18... Bh6 $142 $5) (18... e5 19. Qf1 $5 {[%cal Rc3d5] /\Nd5+/=}) 19. e5 $1
dxe5 20. fxe5 Nh7 (20... Bxg2 $2 21. exf6 $18) 21. Bxb7 Qxb7 22. Nf3 Qc6 (22...
g5 23. Ne4 (23. Bd4 Qc7 $13) 23... g4 24. hxg4 hxg4 25. Nh2 Bxe5 26. Qxg4+ (26.
Nxg4 f5 $13) 26... Kf8 (26... Kh8 27. Qh5 $40) 27. c5 $1 $36) 23. b3 {White's
outpost on e5 is suffciently protected and limits Black's forces.} Red8 ({
The attempt to get <=>} 23... g5 {is very committal:} 24. g4 $5 (24. Ne4 g4 $5
(24... Bxe5 25. Nexg5 (25. Nxe5 Nxe5 26. Bd4 $16) 25... Nxg5 26. Nxg5 f6 27.
Qxh5 fxg5 28. Rxe5 $1 $16) (24... Nxe5 25. Nxe5 Bxe5 26. Qxh5 $40) 25. hxg4
hxg4 26. Nd4 Qa8 27. Nd6 Nxe5 $14 {<=>}) 24... hxg4 25. hxg4 Nhf8 26. Bd4 Ng6
27. Qe3 $36) 24. h4 {() Stops g5 for the future, but costs time.} (24. Bd4 $142
$14) 24... Nhf8 25. Bd4 Qc7 {[%cal Yf7f6] /\f6} (25... Nc5 26. b4 Ncd7 27. Ne4
$36) 26. Kg2 Nb8 $1 {Activity was yet premature:} (26... f6 27. exf6 Nxf6 28.
Rcd1 $16 {[%csl Re6,Rg6] ><e6,g6}) 27. Qe3 Nfd7 28. Na4 $5 (28. Red1 Nc6 29.
Nb5 (29. Nd5 Qb7 $1 30. Nxb6 Nxd4 31. Nxc8 Nf5 $17) 29... axb5 30. cxb5 Qb7 $11
) 28... Nc5 29. Bxc5 bxc5 30. Rcd1 {[%csl Rc5] ><c5} Nd7 $6 (30... Rxd1 $142
31. Rxd1 Nd7 32. Re1 (32. Rxd7 Qxd7 33. Nb6 Qc6 34. Nxc8 Qxc8 $11) 32... Qc6
$132 {and by putting pressure on e5 Black prevents the Na4 to get over to the
>>.}) 31. Re2 Bf8 32. Red2 Nb8 (32... Be7 33. Nc3 {/\Ne4+/-} Kg7 34. Qf4 $36)
33. Nc3 Nc6 34. Ne4 $1 Rxd2+ (34... Be7 35. Nd6 $16) 35. Rxd2 Rd8 36. Nf6+ (36.
Rxd8 Qxd8 37. Nxc5 $2 Qb6 $19) (36. Rf2 $5 $36) 36... Kh8 (36... Kg7 37. Rd7 $1
Qa5 (37... Rxd7 38. Ne8+ $18) 38. Nxh5+ $1 Kg8 (38... gxh5 39. Qg5+ $18) 39.
Nf6+ $18) 37. Rxd8 Qxd8 (37... Nxd8 38. Ng5 Bg7 (38... Nc6 39. Qe4 {-37...Qd8})
39. Qd3 {[%cal Rd3d8] /\Qd8!} Nb7 (39... Bxf6 40. exf6 Kg8 41. g4 $1 $40 {/\}
hxg4 42. h5) 40. Qd7 Qxd7 41. Nxd7 $16) 38. Ng5 Qc7 $2 (38... Kg7 $142 $1 {
/\Ne5} 39. Nxh5+ gxh5 40. Qe4 Nxe5 41. Qxe5+ Qf6 $132 {/\} 42. Qxf6+ $6 Kxf6
43. Nh7+ Kg7 44. Nxf8 Kxf8 45. g4 a5 $1 $17 (45... hxg4 $2 46. b4 $1 cxb4 47.
h5 $18)) 39. Qe4 $1 {[%cal Rg5f7] /\Nf7} Nxe5 (39... Nd8 40. Qa8 $1 Qc6+ 41.
Qxc6 Nxc6 42. Nxf7+ Kg7 43. Ng5 Nxe5 44. Nfe4 {[%cal Rg5e6] /\Ne6+-}) 40. Ne8
Qc6 $8 (40... Qb8 41. Qxe5+ Qxe5 42. Nxf7+ $18) 41. Nxf7+ Kg8 42. Qxc6 Nxc6 43.
Ng5 e5 (43... Be7 44. Nc7 $1 Bxg5 45. hxg5 Nb4 46. a3 $18) (43... Nd4 44. Nc7
$18) 44. Nf6+ Kg7 (44... Kh8 45. Nd7 Be7 46. Ne4 $18) 45. Nd7 {[%cal Rg5e6] /
\Ne6} Be7 46. Nxc5 $1 $18 Nb4 (46... Bxc5 47. Ne6+ Kf6 48. Nxc5 $18) 47. a3 Nc2
48. Nxa6 Bxa3 49. c5 Kf6 50. c6 Ke7 51. c7 Kd7 52. Nf7 e4 (52... Kc8 53. Nxe5
Bd6 54. Nxg6 $18 {[%cal Rg6f4] /\Nf4}) 53. Ne5+ Kc8 54. Nc4 {[%cal Rc4b6] /\Nb6
} 1-0

[Event "Fraenkische GM 1st"]
[Site "Pulvermuehle"]
[Date "2000.01.17"]
[Round "5"]
[White "Zhu, Chen"]
[Black "Bischoff, Klaus"]
[Result "1-0"]
[WhiteElo "2530"]
[BlackElo "2544"]
[Annotator "Stohl,I"]
[PlyCount "47"]
[EventDate "2000.01.12"]
[EventType "tourn"]
[EventRounds "9"]
[EventCountry "GER"]
[EventCategory "10"]
[SourceTitle "CBM 075"]
[Source "ChessBase"]
[SourceDate "2000.04.05"]
[SourceVersion "1"]
[SourceVersionDate "2000.04.05"]
[SourceQuality "1"]

1. Nf3 e6 2. c4 b6 3. g3 Bb7 4. Bg2 Nf6 5. O-O c5 6. Nc3 Be7 7. Re1 d6 8. e4 a6
{Can Black do without this typical move?} ({An interesting idea is} 8... Nbd7
9. d4 cxd4 10. Nxd4 Qc7 11. Be3 Rc8 12. f4 Qb8 $5 13. Qe2 Qa8 14. Bf2 O-O 15.
f5 e5 16. Nc2 g6 17. fxg6 hxg6 18. Bh3 Rcd8 19. b4 a6 20. Nd5 Nxd5 21. cxd5 Kg7
22. Ne3 Rh8 23. Bg2 Rc8 24. Nc4 Qb8 25. Rec1 {1/2,Rogozenko,D-Wahls,M/
Bundesliga 9900/2000/} Bg5 $132) 9. d4 cxd4 10. Nxd4 Qc7 11. Be3 O-O 12. Rc1
Nbd7 13. f4 Rfc8 $6 {Deserting the >> before the coming storm is not a good
idea, as White forcefully shows. Now with the Be7 unprotected after e5 White
always has Nf5.} ({As Black's best is considered} 13... Rac8 14. g4 ({Quiet
play hardly poses a threat for Black:} 14. b3 Rfe8 15. Kh1 Bf8 16. Rc2 Qb8 17.
Bg1 g6 18. Nf3 Red8 19. f5 exf5 20. exf5 d5 21. fxg6 hxg6 22. Nxd5 Nxd5 23.
cxd5 Rxc2 24. Qxc2 Bxd5 25. Ng5 Qb7 $11 {Lautier,J-Rogers,I/ESP-chT Salamanca/
1998/}) 14... Nc5 $5 (14... g6 15. g5 Nh5 16. f5 (16. Bf3 Nxf4 17. Bxf4 e5 18.
Nd5 Qd8 19. Nxe7+ Qxe7 20. Nf5 gxf5 21. exf5 $13) 16... exf5 17. Nd5 Qd8 18.
Nxe7+ Qxe7 19. Nxf5 gxf5 20. Qxh5 Bxe4 21. Bd4 Qe6 22. Rxe4 $1 fxe4 23. Bh3
Rxc4 $8 24. Rd1 $2 (24. Bxe6 Rxc1+ 25. Kg2 fxe6 26. g6 Rc2+ $11) 24... Qd5 25.
Be3 Qb5 $1 $17 {Marin,M-Gamundi,A/Andorra op/1996/}) 15. Bf2 g6 16. f5 (16. b4
Ncd7 17. g5 Nh5 18. Be3 Nxf4 $5 (18... Qd8 19. Bh3 Ng7 20. Qe2 Rc7 21. Red1 Qa8
22. f5 e5 23. f6 exd4 24. fxe7 Re8 25. Bxd4 Rxe7 26. Nd5 Bxd5 27. cxd5 Rxc1 28.
Rxc1 $16 {Skomorokhin,R-Voitsekhovsky,S/Kstovo/1998/}) 19. Bxf4 e5 20. Nd5 Qd8
$13) 16... gxf5 17. gxf5 e5 18. Nc2 Kh8 19. Kh1 Rg8 20. Bf3 b5 21. Nd5 Nxd5 $13
{1/2,Epishin,V-Marin,M/Koszalin op/1999/}) (13... h5 $5 14. h3 Rfe8 15. g4 hxg4
16. hxg4 Nc5 17. Bf2 d5 18. e5 Nfe4 19. Be3 dxc4 20. Nxe4 Nxe4 21. Qc2 Nc5 22.
Qxc4 Bxg2 23. Kxg2 Qb7+ 24. Nf3 Red8 $132 {Gurevich,M-Hoffmann,M/NED-chT
Hengelo/2000/}) ({The former main move is under a cloud:} 13... Rfe8 14. g4 Nc5
(14... h6 15. g5 hxg5 16. fxg5 Nh7 17. g6 $40) 15. Bf2 g6 16. b4 Rad8 (16...
Ncd7 17. Nd5 $1 exd5 18. cxd5 Qd8 19. Nc6 Bxc6 20. dxc6 Nf8 21. Qf3 $1 d5 22.
exd5 Bxb4 23. Re5 Bd6 24. Bh4 Bxe5 25. fxe5 Qxd5 26. Bxf6 Qxf3 27. Bxf3 Rac8
28. Rd1 h6 29. Rd7 $1 $18 {Lobron,E-Greenfeld,A/Ljubljana-Rogaska Slatina/1989/
}) 17. Qf3 $1 (17. Qe2 Ncd7 18. Bf3 e5 (18... h6 $142) 19. Nd5 (19. Nb3 $1 exf4
20. g5 $16) 19... Qb8 20. Nxe7+ Rxe7 21. g5 Ne8 22. fxe5 Nxe5 23. Bg2 Ng7 24.
Rc3 Rde8 25. Qd2 Nh5 26. Ne2 Ng4 27. Ng3 Nxf2 28. Nxh5 gxh5 29. Qxf2 Qc7 30.
Qd4 Re5 31. h4 Qe7 $132 {Sarno,S-Shipov,S/Cappelle la Grande/1995/}) 17...
Ncxe4 (17... Ncd7 18. Nd5 $1 exd5 19. cxd5 Qb8 20. Nc6 Qa8 21. g5 $44 {()[+]|^}
) 18. Nxe4 Nxe4 19. Rxe4 Bxe4 20. Qxe4 d5 21. Qe1 $1 (21. Nxe6 $2 Qc8 22. Qe1
Qxe6 23. Qxe6 fxe6 24. Bxb6 Rb8 25. c5 Bd8 $1 $17 {Krivoshey,S-Shipov,S/Yalta
op/1996/}) 21... Qxf4 22. Nc6 Bg5 23. Rc2 Rd6 24. cxd5 $16 {Shipov}) 14. g4 $1
$40 {The most testing move.} (14. b3 $143 Bf8 15. f5 e5 16. Nd5 Qd8 17. Nc2 b5
18. cxb5 axb5 19. Ncb4 Qa5 20. Qd2 h6 21. h3 Nxd5 22. exd5 Be7 23. Nc6 Qxd2 24.
Bxd2 Kf8 25. Rc2 Bd8 26. Bb4 Bb6+ 27. Kf1 Bc5 28. Bxc5 Nxc5 29. Ke2 {
Kalinitschew,S-Bischoff,K/Dresden op/1995/} Ra3 $132) 14... Nf8 {Passive.} (
14... Nc5 $142 15. Bf2 g6 16. b4 Ncd7 {was a better chance, although compared
to 13...Rac8 Black's R are misplaced.} (16... Rd8 $2 17. e5 $5 dxe5 18. fxe5
Ne8 (18... Nxg4 19. Qxg4 Nd3 20. Nxe6 $1 $18) 19. bxc5 Bxg2 20. cxb6 Qb7 21.
Qe2 Bc5 22. Nb3 Bb4 23. c5 Bf3 24. Qc4 a5 (24... Bh1 25. Re4 $1) 25. Re3 Rac8
26. a3 Bxc3 27. Rexc3 Bh1 28. Rg3 $18 {Beck,H-Csom,I/Budapest/1994/})) 15. g5
N6d7 16. Nd5 $5 $146 {[%mdl 128] With Black's major pieces on the << White's
attack will be very dangerous .This is even more forceful than} (16. h4 Qd8 17.
b3 Ng6 $6 18. f5 Nxh4 19. fxe6 Ne5 20. exf7+ Nxf7 21. Ne6 Qd7 22. Bh3 Ne5 23.
Rf1 Rf8 24. Bf4 Neg6 25. Bg3 Rxf1+ 26. Qxf1 b5 27. Nd5 $36 {Stajcic,N-Moiseev,
V/Kecskemet/1991/}) 16... exd5 17. Nf5 (17. cxd5 $143 $6 Qd8 18. Nc6 Qe8 $17 {
leads nowhere.}) 17... Re8 (17... Qd8 18. exd5 $1 Ng6 19. h4 $40) 18. cxd5 Qb8
$2 ({The last chance was} 18... Qd8 $142 $5 19. Bd4 f6 20. Qg4 (20. h4 $5 $44)
20... fxg5 21. Nxg7 Bf6 $1 22. Bxf6 Qxf6 23. Nxe8 Rxe8 24. Rc7 $36) 19. Bd4 f6
$8 20. Qg4 $40 {[%cal Rg5f6,Rf5g7] /\gf6,Ng7!+-} Ne5 {Desperation, but the
attack is too strong.} (20... fxg5 21. Nxg7 Qd8 22. Ne6 $40) (20... g6 21.
Nxe7+ Rxe7 22. gxf6 Re8 (22... Rf7 23. e5 $18) 23. Qg5 {[%cal Re4e5] /\e5+-}) (
20... h5 21. Qxh5 $1 (21. Qg3 fxg5 22. Nxg7 h4 23. Qg4 $40) 21... g6 22. Qh6
gxf5 23. Rc3 $18) 21. fxe5 fxe5 (21... dxe5 22. Nxg7 $1 exd4 (22... Kxg7 23.
gxf6+ Kxf6 24. Rf1#) 23. gxf6 $18) 22. Be3 Bd8 (22... Qd8 23. Rc2 Rc8 24. Rf2
$16 {+-}) 23. Rf1 Bc8 24. Qh5 (24. Qh5 Bxf5 (24... g6 25. Nh6+ Kh8 26. Qf3 $18
{[%cal Rf3f7,Rf7f8] /\Qf7,Qf8!}) (24... Ng6 25. Nxg7 $1 (25. Rxc8 Qxc8 26. Nxd6
$18) 25... Kxg7 26. Rf7+ Kxf7 27. Qxh7+ Kf8 28. Rf1+ Nf4 29. g6 $18) (24... Bd7
25. Nh6+ $1 gxh6 26. Qf7+ Kh8 27. gxh6 $18) 25. exf5 $5 $18 {->} (25. Qxe8 Bxg5
$1 26. Qxf8+ Qxf8 27. Bxg5 g6 28. exf5 gxf5 29. Rc7 $18)) 1-0

[Event "Moscow Aeroflot op-A"]
[Site "Moscow"]
[Date "2005.02.20"]
[Round "6"]
[White "Sorokin, Maxim"]
[Black "Sadvakasov, Darmen"]
[Result "1-0"]
[WhiteElo "2578"]
[BlackElo "2635"]
[Annotator "Stohl,I"]
[PlyCount "55"]
[EventDate "2005.02.15"]
[EventType "swiss"]
[EventRounds "9"]
[EventCountry "RUS"]
[SourceTitle "CBM 106"]
[Source "ChessBase"]
[SourceDate "2005.06.06"]
[SourceVersion "1"]
[SourceVersionDate "2005.06.06"]
[SourceQuality "1"]

1. c4 Nf6 2. Nf3 b6 3. g3 c5 4. Bg2 Bb7 5. Nc3 g6 6. O-O Bg7 7. d4 cxd4 8. Qxd4
d6 9. Rd1 Nbd7 10. Be3 Rc8 11. Rac1 O-O 12. Qh4 a6 13. b3 Rc7 {The game
Filippov-Van Wely increased White's interest in the whole line, thus forcing
Black to look for antidotes against the advance of the Pg3. One of these ideas
is} (13... Re8 14. Bh3 h5 $5 15. Ng5 (15. Ne1 $142 $5) 15... Rc7 16. Qf4 (16.
Nd5 Nxd5 17. cxd5 Nf6 $132) 16... e5 $5 17. Qh4 Bf8 $13 18. Nf3 Qa8 19. Bg5 b5
$1 20. cxb5 axb5 21. a4 bxa4 22. bxa4 Bxf3 23. exf3 Qxf3 24. Bg2 $44 Qf5 25.
Bxf6 Nxf6 26. Bh3 Qf3 27. Bg2 Qf5 {1/2,Jirovsky,M-Stocek,J/CZE-ch Karlovy Vary/
2005/}) 14. Bh3 Qb8 ({Similar to the above note is} 14... h5 15. Ne1 Re8 16.
Nd3 Qb8 {1/2,Levin,F-Hracek,Z/Bundesliga 0405/2005/} 17. Nf4 $14 (17. Bxd7 $5
Nxd7 18. Nd5 Bxd5 19. cxd5 $14 {[%csl Rc6][%cal Rd3b4,Yh4a4] /\Nb4,Qa4,><c6}))
(14... Re8 15. g4 $5 {also doesn't quite solve Black's problems:} Qa8 (15... b5
16. g5 b4 (16... Bxf3 $142 17. exf3 b4 18. Ne2 Ne5 19. Bg2 Nfd7 20. f4 $36) 17.
gxf6 Bxf6 18. Ng5 Bxg5 19. Bxg5 f6 20. Nd5 Bxd5 21. cxd5 fxg5 22. Qxg5 Rxc1 23.
Rxc1 Nc5 24. Rc4 a5 25. Be6+ Nxe6 26. dxe6 Rf8 27. Qh6 Rf5 28. Rh4 Rh5 29. Rxh5
gxh5 30. Qxh5 $16 {/+-,Sasikiran,K-Lalic,B/Calcutta/2002/}) 16. g5 Ne4 (16...
Nh5 17. Nd5 Bxd5 18. cxd5 $16 {[%cal Gc1c8] |^<->c}) 17. Na4 $1 e6 18. Nxb6
Nxb6 19. Bxb6 Rcc8 20. Bd4 Bxd4 21. Rxd4 a5 22. Nd2 Nxd2 23. Rxd2 d5 24. Qf4 e5
25. Qg3 Rc5 26. e3 Qa6 27. Bf1 $16 {Valdes,L-Szeberenyi,A/Budapest/2002/}) 15.
g4 e6 $5 {A reasonable move, Black plays a typical Hedgehog move and prevents
the dangerous Nd5 sortie.} (15... Nc5 $6 16. g5 Nfe4 17. Nxe4 Bxe4 18. Bxc5
Bxf3 19. Bxd6 exd6 20. exf3 b5 21. f4 bxc4 22. Rxc4 Rxc4 23. bxc4 Qb2 24. f5 $1
$40 {+/-,Filippov,V-Van Wely,L/FIDE Wch/2004/}) (15... b5 16. g5 Bxf3 (16...
Nh5 17. Nd5 $16) 17. exf3 b4 18. Bxd7 $5 (18. Na4 Ne5 19. Bg2 Nfd7 20. f4 $14)
18... Nxd7 19. Nd5 Ne5 20. Qh3 Rb7 21. f4 $36) (15... Qa8 16. g5 Ne4 17. Nxe4 (
17. Na4 b5 $1 18. Nb6 Nxb6 19. Bxb6 Rc6 $13 {<=>}) 17... Bxe4 18. Nd2 Bc6 19.
Bxd7 Rxd7 20. Bxb6 {Pogorelov,R-Colovic,A/Balaguer/2003/} f6 $5 $44 {/+/=}) 16.
g5 (16. Rxd6 Rxc4 17. Rdd1 (17. Rxd7 Rxc3 18. Rxc3 Nxd7 $15) 17... Rc7 18. g5 (
18. Bf4 e5 {/\} 19. Nxe5 $2 Rxc3 20. Nxd7 Rxc1 21. Bxc1 Nxd7 22. Rxd7 Qc8 23.
Rd1 Qc2 $36) 18... Nd5 19. Nxd5 Bxd5 $11) 16... Ne8 $5 $146 {[%mdl 8]} ({
A new and safer retreat, than} 16... Nh5 17. Bg4 (17. Ne4 d5 $132) 17... b5 18.
Bxh5 (18. Rxd6 bxc4 19. bxc4 Rxc4 20. Rxd7 Bxf3 21. exf3 Bxc3 $13) 18... gxh5
19. Qxh5 (19. Ne4 $5 $36) 19... bxc4 20. b4 Bxf3 21. exf3 Qxb4 22. Bf4 Rc6 23.
Ne4 d5 24. Nf6+ Nxf6 25. gxf6 Bxf6 26. Kh1 Kh8 27. Rg1 Qe7 28. Bh6 Rcc8 29. Rg3
Rg8 30. Rh3 {Van Wely,L-Grischuk,A/Internet blitz/2004/} Qa3 $1 31. Rd1 Qc3 $17
) 17. Ne4 (17. Bg2 b5 $132) 17... b5 $1 $132 (17... Qa8 $6 18. Nxd6 Nxd6 19.
Rxd6 Bxf3 20. exf3 Ne5 21. Bg2 $16) (17... d5 18. cxd5 Bxd5 19. Bg2 $14 {
[%cal Gc1c8] /~~ This line shows the slight drawback of Black's 16-th move:
although the Ne8 protects the vulnerable Pd6,if the position opens up Black
can't connect his R so quickly and fight for the [+]<->.}) 18. cxb5 (18. Nxd6
Nxd6 19. Rxd6 Rxc4 20. Rxc4 (20. bxc4 Qxd6 21. c5 Qd5 22. Bg2 Bb2 $1 $36) 20...
Qxd6 21. Rc1 Ne5 $11 {/=/+}) ({Less ambitious, but possibly objectively
stronger was} 18. Bg2 bxc4 19. bxc4 $11) 18... axb5 19. Bd4 Rxc1 (19... b4 $2
20. Rxc7 Qxc7 21. Bxg7 Kxg7 22. Nxd6 $1 $16) (19... Bxd4 20. Nxd4 b4 $13) 20.
Rxc1 Qa8 (20... Bxe4 21. Qxe4 d5 22. Qe3 b4 $13) 21. Bxg7 Kxg7 $2 {[%mdl 8192]
Black was doing fine, but after this oversight his position collapses.} (21...
Nxg7 $1 22. Nf6+ (22. Nxd6 Bxf3 23. exf3 Ne5 $1 (23... Qxa2 24. Nxb5 Qxb3 $11)
24. Bg2 Qa3 25. Re1 $8 (25. Rd1 $2 Rd8 26. Qd4 Nc6 27. Qd3 Nf5 $19) 25... Qxd6
(25... Nd3 26. Ne4 f5 27. Nf6+ Rxf6 28. Rd1 Nb2 $1 29. gxf6 Nxd1 30. fxg7 $11)
26. Qg3 Nc4 $1 27. bxc4 Qb4 28. Qe5 (28. Re4 Nf5 29. Qg4 Nd6 $36) 28... bxc4
29. Rc1 Rc8 $15) 22... Nxf6 23. gxf6 Ne8 $15) 22. Nxd6 $1 Bxf3 (22... Nxd6 $142
23. Qd4+ Kg8 24. Qxd6 Qd8 $16 (24... Bxf3 25. exf3 Qxf3 $2 26. Bg2 $18)) 23.
Rc8 $1 $18 Qd5 (23... Nxd6 24. Rxa8 Bxa8 25. Qd4+ $18) (23... Qxc8 24. Nxc8
Bxe2 25. Qd4+ $18) 24. Nxe8+ Kh8 (24... Rxe8 $2 25. Qh6+ $18) (24... Kg8 $2 25.
Qh6 $18) 25. Nf6 (25. Qh6 $142 $1 Qe5 26. Nf6 $18 {is even more convincing.})
25... Qd1+ (25... Nxf6 26. Rxf8+ $18) 26. Bf1 Bh5 $8 27. Rxf8+ Nxf8 28. Qb4 $1
(28. Qb4 Kg7 29. Qc3 $18 {wins at least a piece, otherwise Black gets mated:}
Bxe2 30. Nh5+ Kg8 31. Qg7#) 1-0